00545nam a2200169Ia 4500003000400000005001700004008004100021020001500062040002900077050002500106100006100131245004900192250001100241260003200252300002200284650006900306OSt20240722111337.0221216s9999||||xx |||||||||||||| ||und|| a0070589763 cChuka University Library aLC 3965 b.S65 1983 aSmith, Robert M., John T. Neisworth and Francis M. Hunt  4aThe exceptional child: A functional approach a2nd ed aNew YorkbMcGraw-Hillc1983 a595pbIllustrated aExceptional children xEducation -- Addresses, essays, lectures